00809nam a2200157Ia 4500008004100000020001800041050001400059100002800073245009000101260003200191300001800223500004500241505030900286650002000595700003600615120721s2007 mx 000 0 spa d a978968180929704aHM51bB4610aBerger, Peter L.eautor13aIntroducción a la sociologíac / Peter L. Berger ; traductora Sara Galofre Llanos aMéxicob : Limusac, 2007 a269 páginas aTraducción de: Invitation to sociology aLa sociología como un pasatiempo individual La sociología como una forma de conciencia La perspectiva sociológica: el hombre en la sociedad La perspectiva sociológica: la sociedad en el hombre La perspectiva sociológica: el drama de la sociedad La sociología como una disciplina humanística10a1. Sociología aI. Galofre Llanos, Sara, tr.Ì